[Event "MCR senioru 2019 nad 50 let"]
[Site "Pelclovo divadlo, Rychnov n. K"]
[Date "2019.08.11"]
[Round "2"]
[White "Kalousek, Vladimir"]
[Black "Vorackova, Jarmila"]
[Result "1/2-1/2"]
[WhiteElo "1979"]
[BlackElo "1832"]
[PlyCount "59"]
[EventDate "2019.08.10"]

1. d4 Nf6 2. Nf3 d6 3. Bg5 Nbd7 4. e3 g6 5. Bd3 Bg7 6. O-O O-O 7. Nbd2 Re8 8.
e4 e5 9. c3 h6 10. Bxf6 Nxf6 11. Qc2 c6 12. Rad1 Qe7 13. Rfe1 Nh5 14. dxe5 dxe5
15. Bf1 Bg4 16. h3 Bxf3 17. Nxf3 Nf4 18. g3 Ne6 19. Rd2 Red8 20. Red1 Rxd2 21.
Rxd2 Rd8 22. Qd1 Rxd2 23. Qxd2 Qd8 24. Qxd8+ Nxd8 25. Bc4 Kf8 26. Kf1 Ke7 27.
Ke2 Ne6 28. Bxe6 Kxe6 29. Nd2 Bf8 30. Nc4 1/2-1/2

[Event "MCR senioru 2019 nad 50 let"]
[Site "Pelclovo divadlo, Rychnov n. K"]
[Date "2019.08.11"]
[Round "2"]
[White "Pelikan, Jaromir"]
[Black "Blazek, Tomas"]
[Result "1/2-1/2"]
[WhiteElo "1760"]
[BlackElo "1910"]
[PlyCount "87"]
[EventDate "2019.08.10"]

1. Nf3 d5 2. d4 Nf6 3. c4 e6 4. g3 Bb4+ 5. Bd2 Bxd2+ 6. Nbxd2 O-O 7. Bg2 Qe7 8.
O-O Nbd7 9. Qc2 c5 10. Rac1 b6 11. cxd5 exd5 12. e3 Ba6 13. Rfd1 Rac8 14. Qa4
Be2 15. Re1 Bd3 16. dxc5 bxc5 17. b3 Rfe8 18. Bf1 Nb6 19. Qa3 Bxf1 20. Kxf1 Rc7
21. Rc2 Rec8 22. Rec1 Ne4 23. Qa6 Nxd2+ 24. Nxd2 Rc6 25. Qb5 h5 26. Qe2 h4 27.
Qg4 hxg3 28. hxg3 Rf6 29. Kg2 Rcc6 30. Rh1 Rh6 31. Rcc1 Rcg6 32. Qf4 Rf6 33.
Qb8+ Kh7 34. Rxh6+ Rxh6 35. Qf4 Qe6 36. Rh1 Rxh1 37. Kxh1 Qh6+ 38. Qxh6+ Kxh6
39. Kg2 c4 40. Nb1 Nd7 41. bxc4 dxc4 42. Nc3 Ne5 43. Kf1 Kg6 44. Ke2 1/2-1/2

[Event "MCR senioru 2019 nad 50 let"]
[Site "Pelclovo divadlo, Rychnov n. K"]
[Date "2019.08.11"]
[Round "2"]
[White "Portes, Pavel"]
[Black "Vorel, Bohuslav"]
[Result "1/2-1/2"]
[WhiteElo "1612"]
[BlackElo "1491"]
[PlyCount "74"]
[EventDate "2019.08.10"]

1. e4 c5 2. Nf3 d6 3. d4 cxd4 4. Nxd4 Nf6 5. Nc3 g6 6. Be3 Bg7 7. f3 O-O 8. Be2
Nc6 9. O-O Bd7 10. Nxc6 Bxc6 11. Qd2 a6 12. Rab1 b5 13. a3 Qc7 14. Bd3 Rfc8 15.
Bh6 Bb7 16. Bxg7 Kxg7 17. f4 Qc5+ 18. Qf2 Qxf2+ 19. Rxf2 Nd7 20. Rbf1 f6 21. g4
Nc5 22. e5 Nxd3 23. exf6+ Kxf6 24. cxd3 Rf8 25. Re1 e6 26. Ne4+ Bxe4 27. dxe4
e5 28. f5 gxf5 29. gxf5 Rg8+ 30. Rg2 Rxg2+ 31. Kxg2 Rc8 32. Re2 Rc5 33. Rd2 Rc6
34. Kf3 Ke7 35. Ke3 Kf6 36. Kd3 Rc4 37. Ke3 Rc6 1/2-1/2

[Event "MCR senioru 2019 nad 50 let"]
[Site "Pelclovo divadlo, Rychnov n. K"]
[Date "2019.08.11"]
[Round "2"]
[White "Spinler, Bronislav"]
[Black "Kolibik, Jan"]
[Result "1/2-1/2"]
[WhiteElo "1451"]
[BlackElo "1565"]
[PlyCount "71"]
[EventDate "2019.08.10"]

1. d4 Nf6 2. e3 d5 3. Bd3 Bg4 4. Nf3 g6 5. Nbd2 Bg7 6. O-O O-O 7. c3 Nbd7 8.
Re1 c6 9. h3 Bxf3 10. Qxf3 e5 11. e4 dxe4 12. Nxe4 Nxe4 13. Bxe4 exd4 14. cxd4
Qf6 15. Rd1 Qxf3 16. Bxf3 Rad8 17. Rb1 Nb6 18. Be3 Nd5 19. a3 Rfe8 20. Bg5 f6
21. Bh4 Kf7 22. Bg3 Rd7 23. Rbc1 Bh6 24. Rc5 Nf4 25. Kh2 Nd5 26. b4 Bf8 27. Rc2
Nc7 28. Bxc7 Rxc7 29. d5 Rd7 30. Rcd2 Bd6+ 31. g3 c5 32. bxc5 Bxc5 33. a4 Rd6
34. Kg2 a5 35. Be2 Re4 36. Bb5 1/2-1/2

[Event "MCR senioru 2019 nad 50 let"]
[Site "Pelclovo divadlo, Rychnov n. K"]
[Date "2019.08.11"]
[Round "2"]
[White "Langr, Petr"]
[Black "Lorencova, Jitka"]
[Result "1-0"]
[WhiteElo "1533"]
[BlackElo "1368"]
[PlyCount "91"]
[EventDate "2019.08.10"]

1. d4 Nf6 2. c4 d6 3. Nf3 g6 4. Nc3 Bg7 5. Bf4 Nbd7 6. Qd2 h6 7. h3 c6 8. e4 c5
9. d5 a5 10. Bd3 Nh5 11. Be3 Bxc3 12. bxc3 g5 13. g4 Ng7 14. Nh2 Ne5 15. f4
Nxd3+ 16. Qxd3 e6 17. Nf3 gxf4 18. Bxf4 e5 19. Be3 f6 20. Nh4 Kf7 21. Nf5 Bxf5
22. gxf5 Nh5 23. Rg1 Rg8 24. Kd2 Qe7 25. Bxh6 Rh8 26. Be3 Rag8 27. Rxg8 Rxg8
28. Rg1 Rxg1 29. Bxg1 Nf4 30. Qg3 Qf8 31. Be3 Qh6 32. Bxf4 Qxf4+ 33. Qxf4 exf4
34. Ke2 Kg7 35. Kf3 Kh6 36. Kxf4 Kh5 37. Kg3 b6 38. a4 Kg5 39. h4+ Kh6 40. Kg4
Kg7 41. Kh5 Kh7 42. Kg4 Kg7 43. h5 Kf7 44. h6 Kg8 45. e5 fxe5 46. f6 1-0

[Event "MCR senioru 2019 nad 60 let"]
[Site "Pelclovo divadlo, Rychnov n. K"]
[Date "2019.08.11"]
[Round "2"]
[White "Urban, Zdenek"]
[Black "Sobotnik, Petr"]
[Result "1/2-1/2"]
[WhiteElo "2115"]
[BlackElo "1888"]
[PlyCount "112"]
[EventDate "2019.08.10"]

1. d4 Nf6 2. c4 e6 3. Nc3 d5 4. Nf3 Be7 5. Bf4 Nh5 6. Bd2 c6 7. e4 dxe4 8. Nxe4
Nf6 9. Bd3 Nbd7 10. O-O Nxe4 11. Bxe4 Nf6 12. Bc2 c5 13. Ba4+ Bd7 14. dxc5 Bxc5
15. Bc3 Bxa4 16. Qxa4+ Qd7 17. Qxd7+ Kxd7 18. b4 Bd6 19. Rad1 Ke7 20. Rfe1 Rhd8
21. a3 Rac8 22. c5 Bb8 23. Be5 Bxe5 24. Nxe5 Rxd1 25. Rxd1 Nd5 26. f3 f6 27.
Nd3 h5 28. Kf2 g5 29. Rc1 e5 30. b5 Ke6 31. Nb4 f5 32. Ke2 h4 33. c6 bxc6 34.
Nxc6 Rc7 35. Kf2 Kd6 36. Rd1 Ke6 37. a4 Nc3 38. Re1 Nxa4 39. Rxe5+ Kf6 40. Rd5
Nc3 41. Rd6+ Kf7 42. Nd4 Rb7 43. Rh6 Rd7 44. Rh7+ Ke8 45. Rxd7 Kxd7 46. Ke3 Kc7
47. Kd3 Nd5 48. Kc4 Ne3+ 49. Kc5 g4 50. fxg4 fxg4 51. Ne6+ Kb7 52. Nf4 Nxg2 53.
Nxg2 h3 54. Nh4 g3 55. Nf3 gxh2 56. Nxh2 Kc7 1/2-1/2

[Event "MCR senioru 2019 nad 60 let"]
[Site "Pelclovo divadlo, Rychnov n. K"]
[Date "2019.08.11"]
[Round "2"]
[White "Humlicek, Vojtech"]
[Black "Mlynek, Petr"]
[Result "1/2-1/2"]
[WhiteElo "1890"]
[BlackElo "2094"]
[PlyCount "37"]
[EventDate "2019.08.10"]

1. e4 c6 2. d4 d5 3. e5 Bf5 4. Nf3 e6 5. Be2 Ne7 6. O-O Nd7 7. c3 c5 8. Nh4
cxd4 9. cxd4 Bxb1 10. Rxb1 Nc6 11. Nf3 Be7 12. a3 a6 13. g3 O-O 14. h4 b5 15.
b3 Qb6 16. Qd3 Rfc8 17. Bd1 Na5 18. h5 h6 19. g4 1/2-1/2

[Event "MCR senioru 2019 nad 60 let"]
[Site "Pelclovo divadlo, Rychnov n. K"]
[Date "2019.08.11"]
[Round "2"]
[White "Juricek, Stanislav"]
[Black "Becvar, Miroslav"]
[Result "1-0"]
[WhiteElo "2048"]
[BlackElo "1850"]
[PlyCount "45"]
[EventDate "2019.08.10"]

1. e4 e6 2. d4 d5 3. Nc3 Bb4 4. Nge2 Ne7 5. a3 Ba5 6. Qd3 dxe4 7. Qxe4 Nbc6 8.
Be3 Nd5 9. g3 O-O 10. Bg2 Nce7 11. O-O c6 12. Qd3 Bc7 13. Rad1 Nxc3 14. Nxc3
Nd5 15. Bc1 Nxc3 16. Qxc3 Qf6 17. Rfe1 Bd7 18. Re4 Rfe8 19. Bf4 Qd8 20. Be5
Bxe5 21. dxe5 Qe7 22. Red4 Rad8 23. Qd2 1-0

[Event "MCR senioru 2019 nad 60 let"]
[Site "Pelclovo divadlo, Rychnov n. K."]
[Date "2019.08.11"]
[Round "2"]
[White "Mares, Petr"]
[Black "Pospisil, Evzen"]
[Result "1/2-1/2"]
[WhiteElo "1888"]
[BlackElo "2040"]
[EventDate "2019.08.10"]
[PlyCount "68"]

1. Nf3 d5 2. g3 b6 3. Bg2 Bb7 4. d3 Nf6 5. O-O g6 6. c4 Bg7 7. Nbd2 O-O 8. Qc2
Na6 9. a3 e6 10. Rb1 c5 11. e4 Rc8 12. Re1 Nb8 13. Nf1 Nc6 14. cxd5 exd5 15. e5
Nd7 16. Bg5 f6 17. exf6 Bxf6 18. Bh6 Bg7 19. Bxg7 Kxg7 20. Qe2 Re8 21. Qxe8
Qxe8 22. Rxe8 Rxe8 23. Ne3 d4 24. Nc4 Ba6 25. Nfd2 Nce5 26. Re1 Kf8 27. Bf1
Nxc4 28. Rxe8+ Kxe8 29. dxc4 Ke7 30. f4 Bb7 31. Bg2 Bxg2 32. Kxg2 Nf6 33. Kf3
h5 34. h3 Ke6 1/2-1/2

[Event "MCR senioru 2019 nad 60 let"]
[Site "Pelclovo divadlo, Rychnov n. K"]
[Date "2019.08.11"]
[Round "2"]
[White "Pittermann, Jan"]
[Black "Novotny, Jaroslav"]
[Result "1/2-1/2"]
[WhiteElo "1822"]
[BlackElo "1965"]
[PlyCount "41"]
[EventDate "2019.08.10"]

1. e4 c5 2. Nc3 Nc6 3. Bb5 Nd4 4. Nf3 Nxb5 5. Nxb5 d6 6. d3 g6 7. O-O Bg7 8.
Qe1 e5 9. h3 Ne7 10. Nh2 Rg8 11. Nc3 Be6 12. f4 exf4 13. Bxf4 Qd7 14. Qg3 Rd8
15. Nf3 d5 16. Qh4 f6 17. Qe1 d4 18. Ne2 Nc6 19. a3 a5 20. h4 h6 21. Qg3
1/2-1/2

[Event "MCR senioru 2019 nad 60 let"]
[Site "Pelclovo divadlo, Rychnov n. K."]
[Date "2019.08.11"]
[Round "2"]
[White "Horak, Vladimir"]
[Black "Rehak, Jiri"]
[Result "1-0"]
[WhiteElo "1954"]
[BlackElo "1812"]
[EventDate "2019.08.10"]
[PlyCount "97"]

1. Nf3 d5 2. d4 Bf5 3. Bf4 e6 4. e3 Bd6 5. Bxd6 Qxd6 6. c3 Nd7 7. Bd3 Bxd3 8.
Qxd3 Ngf6 9. Nbd2 O-O 10. O-O e5 11. dxe5 Nxe5 12. Nxe5 Qxe5 13. Nf3 Qe4 14.
Rfd1 c6 15. Qe2 Qe7 16. Rd4 Rad8 17. Qc2 Ne4 18. c4 Rfe8 19. cxd5 Rxd5 20. Rxd5
cxd5 21. Rc1 h6 22. h3 a6 23. a3 Qf6 24. Qb3 b5 25. Rd1 Qc6 26. Rxd5 Nf6 27.
Rd1 Rc8 28. Ne5 Qc7 29. Nd3 Qc2 30. Qxc2 Rxc2 31. Kf1 Kf8 32. Ke1 Ne4 33. Rc1
Rxc1+ 34. Nxc1 Ke7 35. Nd3 Kd6 36. f3 Nf6 37. Kd2 Nd5 38. e4 Nb6 39. b3 f6 40.
Kc3 a5 41. f4 g6 42. Nb2 Nd7 43. b4 a4 44. Nd1 g5 45. g3 h5 46. fxg5 fxg5 47.
Kd4 Ne5 48. Nc3 Nc4 49. Nxb5+ 1-0

[Event "MCR senioru 2019 nad 60 let"]
[Site "Pelclovo divadlo, Rychnov n. K."]
[Date "2019.08.11"]
[Round "2"]
[White "Marinov, Peter"]
[Black "Bartos, Alois"]
[Result "0-1"]
[WhiteElo "1815"]
[BlackElo "1953"]
[EventDate "2019.08.10"]
[PlyCount "39"]

1. d4 Nf6 2. e3 c5 3. c3 d5 4. Bd3 Nbd7 5. f4 g6 6. Nf3 Bg7 7. Nbd2 Qc7 8. Ne5
O-O 9. O-O Nxe5 10. fxe5 Nd7 11. Nf3 f6 12. exf6 Bxf6 13. Qe2 e5 14. dxe5 Nxe5
15. Bd2 Bg4 16. h3 Bxf3 17. Rxf3 Nxf3+ 18. Qxf3 Rad8 19. Qg4 Qd7 20. Bf5 0-1

[Event "MCR senioru 2019 nad 60 let"]
[Site "Pelclovo divadlo, Rychnov n. K."]
[Date "2019.08.11"]
[Round "2"]
[White "Portych, Vaclav"]
[Black "Papay, Jindrich"]
[Result "0-1"]
[WhiteElo "1799"]
[BlackElo "1943"]
[EventDate "2019.08.10"]
[PlyCount "136"]

1. c4 f5 2. d4 Nf6 3. Nf3 g6 4. g3 Bg7 5. Bg2 O-O 6. O-O d6 7. Nc3 c6 8. b3 Na6
9. a3 Qe8 10. Bb2 e5 11. dxe5 dxe5 12. Qc2 e4 13. Ng5 h6 14. Nh3 Be6 15. e3 Nc5
16. Ne2 Bf7 17. Rad1 Nd3 18. Bc3 Ng4 19. Bxg7 Kxg7 20. Nef4 Nde5 21. Ne2 Qe7
22. a4 g5 23. Kh1 Nd3 24. Nc1 Nb4 25. Qc3+ Kg8 26. Rd2 a5 27. Rfd1 Rad8 28. Bf1
b6 29. Kg2 Rxd2 30. Qxd2 Ne5 31. Qd6 Qe6 32. Qc7 Ned3 33. Qxb6 Qe5 34. Nxd3
exd3 35. Qd4 Qe7 36. Qb6 Bh5 37. Rd2 Nc2 38. Bxd3 Ne1+ 39. Kf1 Nf3 40. Rc2
Nxh2+ 41. Kg2 Nf3 42. Rc1 Ne5 43. Bc2 Qa3 44. Rd1 Bf3+ 45. Kh2 Ng4+ 46. Kg1
Bxd1 47. Bxd1 Qa1 48. Qd4 Qxd4 49. exd4 Rd8 50. Bc2 Rxd4 51. Bxf5 Ne5 52. Kg2
Nd3 53. Ng1 Nc5 54. Nf3 Rd6 55. Ne5 Nxb3 56. Nd7 Kg7 57. g4 Rd4 58. Ne5 Kf6 59.
Nxc6 Rxc4 60. Nd8 Nc5 61. f3 Rxa4 62. Kg3 Ra1 63. Nc6 a4 64. Nb4 Ke5 65. Nc6+
Kd5 66. Ne7+ Kc4 67. Ng8 a3 68. Bg6 Nb3 0-1

[Event "MCR senioru 2019 nad 60 let"]
[Site "Pelclovo divadlo, Rychnov n. K"]
[Date "2019.08.11"]
[Round "2"]
[White "Kylar, Miroslav"]
[Black "Lepik, Jaroslav"]
[Result "1-0"]
[WhiteElo "1935"]
[BlackElo "1794"]
[PlyCount "71"]
[EventDate "2019.08.10"]

1. Nf3 Nf6 2. c4 g6 3. b3 Bg7 4. Bb2 O-O 5. g3 d6 6. d4 c5 7. Nc3 cxd4 8. Nxd4
Nc6 9. e3 Bg4 10. Nxc6 bxc6 11. f3 Bd7 12. Bg2 Qc8 13. Qc2 Bh3 14. O-O Bxg2 15.
Kxg2 d5 16. cxd5 cxd5 17. Rac1 Qc5 18. Qd3 Qa5 19. Qb5 Qd8 20. Rfd1 e6 21. Ne2
Qb6 22. Qxb6 axb6 23. a4 Rac8 24. Bd4 Nd7 25. Rxc8 Rxc8 26. Rc1 Rxc1 27. Nxc1
e5 28. Bb2 Nc5 29. Ba3 Bf8 30. Bb2 f6 31. g4 Bh6 32. Kf2 d4 33. exd4 Bxc1 34.
dxc5 Bxb2 35. c6 e4 36. c7 1-0

[Event "MCR senioru 2019 nad 60 let"]
[Site "Pelclovo divadlo, Rychnov n. K"]
[Date "2019.08.11"]
[Round "2"]
[White "Marek, Jiri"]
[Black "Nedelcev, Radim"]
[Result "1-0"]
[WhiteElo "1920"]
[BlackElo "1529"]
[PlyCount "21"]
[EventDate "2019.08.10"]

1. e4 e5 2. Nf3 Nc6 3. d4 exd4 4. Bc4 h6 5. O-O d6 6. Nxd4 Ne5 7. Bb3 Be7 8. f4
Nd7 9. Bxf7+ Kxf7 10. Ne6 Kxe6 11. Qd5+ 1-0

[Event "MCR senioru 2019 nad 70 a 80 let"]
[Site "Pelclovo divadlo, Rychnov n. K"]
[Date "2019.08.11"]
[Round "2"]
[White "Pilar, Miloslav"]
[Black "Kohout, Jan"]
[Result "1/2-1/2"]
[WhiteElo "2078"]
[BlackElo "1880"]
[PlyCount "84"]
[EventDate "2019.08.10"]

1. d4 Nf6 2. c4 e6 3. Nf3 d5 4. Nc3 c5 5. cxd5 exd5 6. Bg5 Be7 7. e3 Be6 8. Be2
Nc6 9. O-O O-O 10. dxc5 Bxc5 11. Rc1 Be7 12. a3 a6 13. Nd4 Nxd4 14. Qxd4 Rc8
15. Rfd1 Ne4 16. Bxe7 Nxc3 17. Rxc3 Qxe7 18. Rdc1 Rxc3 19. Rxc3 Qd7 20. h3 h6
21. b4 Rc8 22. Rc5 Rc6 23. b5 Rxc5 24. Qxc5 axb5 25. Bxb5 Qc8 26. Qxc8+ Bxc8
27. Kf1 Kf8 28. Ke2 Ke7 29. Kd3 Kd6 30. Kd4 b6 31. Ba4 f6 32. Bb3 Bb7 33. f4
Bc6 34. h4 g5 35. fxg5 fxg5 36. hxg5 hxg5 37. g3 Bb7 38. Bd1 Bc8 39. Bh5 Bf5
40. Bf7 Be4 41. Bg8 Bg2 42. Bh7 Bf3 1/2-1/2

[Event "MCR senioru 2019 nad 70 a 80 let"]
[Site "Pelclovo divadlo, Rychnov n. K"]
[Date "2019.08.11"]
[Round "2"]
[White "Zikmund, Jaroslav"]
[Black "Most, Zdenek"]
[Result "1/2-1/2"]
[WhiteElo "1803"]
[BlackElo "2008"]
[PlyCount "61"]
[EventDate "2019.08.10"]

1. d4 Nf6 2. c4 g6 3. Nc3 d5 4. Nf3 Bg7 5. e3 O-O 6. Bd3 c6 7. b3 Bg4 8. Be2
Nbd7 9. Bb2 dxc4 10. bxc4 c5 11. h3 cxd4 12. exd4 Bxf3 13. Bxf3 Rc8 14. Qb3 e5
15. Nd5 Nxd5 16. Bxd5 exd4 17. O-O Nc5 18. Qf3 b6 19. Rad1 d3 20. Ba3 Qf6 21.
Qxf6 Bxf6 22. Bxc5 Rxc5 23. Rxd3 Rd8 24. Rb1 Kg7 25. Kf1 Ra5 26. a3 Be7 27. Ra1
Bc5 28. a4 Rd6 29. Rb3 Rf6 30. f3 Bd6 31. Rb5 1/2-1/2

[Event "MCR senioru 2019 nad 70 a 80 let"]
[Site "Pelclovo divadlo, Rychnov n. K"]
[Date "2019.08.11"]
[Round "2"]
[White "Pokorny, Jan"]
[Black "Jablecnik, Gustav"]
[Result "1/2-1/2"]
[WhiteElo "1874"]
[BlackElo "2006"]
[PlyCount "79"]
[EventDate "2019.08.10"]

1. d4 Nf6 2. b3 d5 3. Nf3 g6 4. e3 Bg7 5. Be2 c6 6. O-O O-O 7. a4 Ne4 8. Bb2
Bg4 9. Nfd2 Bxe2 10. Qxe2 f5 11. Nxe4 fxe4 12. Nd2 Qd7 13. c4 Na6 14. Ba3 c5
15. Bb2 e6 16. Rad1 Rac8 17. Ba3 Rfe8 18. dxc5 Nxc5 19. Bxc5 Rxc5 20. Nxe4 Rc7
21. Ng3 Qc6 22. cxd5 exd5 23. Qf3 Rd8 24. Rd3 d4 25. Qxc6 Rxc6 26. Rfd1 Rdc8
27. exd4 Rc3 28. f3 Rc2 29. Nf1 Bh6 30. Ne3 Re2 31. Nc4 a6 32. a5 Rce8 33. Kf1
Ra2 34. Re1 Rxe1+ 35. Kxe1 Rxg2 36. Nd6 Rxh2 37. Nxb7 Rc2 38. Nc5 Bf8 39. b4
Rb2 40. Nxa6 1/2-1/2

[Event "MCR senioru 2019 nad 70 a 80 let"]
[Site "Pelclovo divadlo, Rychnov n. K"]
[Date "2019.08.11"]
[Round "2"]
[White "Just, Pavel"]
[Black "Kotva, Milan"]
[Result "1/2-1/2"]
[WhiteElo "1981"]
[BlackElo "1862"]
[PlyCount "64"]
[EventDate "2019.08.10"]

1. e4 e5 2. Nf3 Nc6 3. Bb5 a6 4. Bxc6 dxc6 5. O-O Bg4 6. h3 h5 7. d4 Bxf3 8.
Qxf3 exd4 9. Rd1 Qf6 10. Qxf6 Nxf6 11. e5 Nd5 12. Rxd4 Bc5 13. Re4 O-O 14. Kf1
Rae8 15. Re2 Re6 16. Nd2 Rfe8 17. Nf3 f6 18. Bd2 fxe5 19. Rae1 Bd6 20. c4 Nb4
21. Bxb4 Bxb4 22. Rc1 Bd6 23. Ng5 Rg6 24. Ne4 c5 25. b3 b6 26. Rd1 Kf7 27. Rd3
Ke7 28. Rg3 Rxg3 29. Nxg3 g6 30. Ne4 Rf8 31. Rc2 Rb8 32. Ke2 a5 1/2-1/2

[Event "MCR senioru 2019 nad 70 a 80 let"]
[Site "Pelclovo divadlo, Rychnov n. K."]
[Date "2019.08.11"]
[Round "2"]
[White "Pavlicek, Petr"]
[Black "Volf, Jaroslav"]
[Result "1/2-1/2"]
[WhiteElo "1829"]
[BlackElo "1977"]
[EventDate "2019.08.10"]
[PlyCount "45"]

1. d4 Nf6 2. c4 g6 3. Nc3 d5 4. cxd5 Nxd5 5. e4 Nxc3 6. bxc3 Bg7 7. Be3 O-O 8.
Rc1 c5 9. Be2 cxd4 10. cxd4 Qa5+ 11. Qd2 Qxd2+ 12. Kxd2 Nc6 13. Nf3 Rd8 14. Kc3
Bg4 15. Rhd1 Rac8 16. Kb3 Bxf3 17. Bxf3 Nxd4+ 18. Rxd4 Bxd4 19. Rxc8 Rxc8 20.
Bxd4 b6 21. Be3 e5 22. Be2 Kg7 23. Bc4 *

[Event "MCR senioru 2019 nad 70 a 80 let"]
[Site "Pelclovo divadlo, Rychnov n. K"]
[Date "2019.08.11"]
[Round "2"]
[White "Trojan, Lubos"]
[Black "Laska, Zdenek"]
[Result "1-0"]
[WhiteElo "1955"]
[BlackElo "1840"]
[PlyCount "69"]
[EventDate "2019.08.10"]

1. d4 d5 2. Nf3 Nf6 3. Bf4 g6 4. e3 Bg7 5. Bd3 O-O 6. Nbd2 Nbd7 7. h3 c5 8. c3
b6 9. Ne5 Nxe5 10. Bxe5 Nd7 11. Bxg7 Kxg7 12. Qf3 Bb7 13. Qg3 Rc8 14. O-O Qc7
15. f4 Rce8 16. Qh4 f5 17. Nf3 e6 18. g4 Qc8 19. Rf2 Qd8 20. g5 Rh8 21. Qh6+
Kf7 22. Bb5 Bc8 23. Ne5+ Kg8 24. Bxd7 Bxd7 25. a4 Re7 26. a5 Qf8 27. axb6 axb6
28. b4 Qc8 29. Rfa2 Be8 30. Ra7 Qd8 31. dxc5 bxc5 32. bxc5 Rc7 33. c6 Qd6 34.
Rxc7 Qxc7 35. Ra8 1-0

[Event "MCR senioru 2019 nad 70 a 80 let"]
[Site "Pelclovo divadlo, Rychnov n. K"]
[Date "2019.08.11"]
[Round "2"]
[White "Haderka, Karel"]
[Black "Dolezal, Radoslav"]
[Result "1-0"]
[WhiteElo "1817"]
[BlackElo "1954"]
[PlyCount "62"]
[EventDate "2019.08.10"]

1. c4 e5 2. Nc3 Nf6 3. g3 Nc6 4. Bg2 d6 5. e3 Be7 6. Nge2 O-O 7. O-O Be6 8. b3
d5 9. d4 dxc4 10. d5 cxb3 11. dxe6 bxa2 12. exf7+ Rxf7 13. Qb3 Na5 14. Qxa2 b6
15. Bxa8 Qxa8 16. f3 Kf8 17. Ba3 c5 18. Rad1 Qc6 19. Nd5 Bd8 20. Nxf6 Qxf6 21.
Qd5 Ke8 22. Bb2 Nc6 23. f4 Nb4 24. Qxe5+ Qxe5 25. Bxe5 a5 26. Rd2 a4 27. Rfd1
Bf6 28. Bxf6 Rxf6 29. Nc3 a3 30. Ra1 Re6 31. Kf2 g6 1-0

[Event "MCR senioru 2019 nad 70 a 80 let"]
[Site "Pelclovo divadlo, Rychnov n. K."]
[Date "2019.08.11"]
[Round "2"]
[White "Jacek, Miloslav"]
[Black "Walter, Jaroslav"]
[Result "1-0"]
[WhiteElo "1941"]
[BlackElo "1638"]
[EventDate "2019.08.10"]
[PlyCount "99"]

1. e4 e6 2. d4 d5 3. Nd2 c5 4. Ngf3 Nc6 5. Bb5 Bd7 6. exd5 exd5 7. O-O Be7 8.
dxc5 Bxc5 9. Nb3 Qb6 10. Qe2+ Be7 11. Bg5 f6 12. Be3 Qc7 13. Rfe1 a6 14. Bxc6
Bxc6 15. Nfd4 O-O-O 16. Ne6 Bb5 17. Qf3 Qd7 18. Nxd8 Bxd8 19. Nc5 Qf7 20. Rad1
Bc6 21. Qf5+ Kb8 22. Bf4+ Ka7 23. Qc8 Ne7 24. Qb8+ Kb6 25. Ne6 Nf5 26. Nxd8 Qd7
27. Be3+ Nxe3 28. Rxe3 Rxd8 29. Rb3+ Kc5 30. Qf4 a5 31. Re1 Re8 32. Rbe3 Re4
33. Rxe4 dxe4 34. Qe3+ Qd4 35. a3 Qxe3 36. Rxe3 Bd5 37. Rh3 Bg8 38. Rh5+ Kb6
39. a4 g6 40. Rb5+ Ka6 41. Rc5 f5 42. Rc7 g5 43. Rg7 Ba2 44. Rxg5 Bb1 45. c3
Bc2 46. Rxf5 Bxa4 47. h4 Bc6 48. h5 a4 49. g4 Bd7 50. Rg5 1-0

[Event "MCR senioru 2019 nad 70 a 80 let"]
[Site "Pelclovo divadlo, Rychnov n. K."]
[Date "2019.08.11"]
[Round "2"]
[White "Rucka, Alois"]
[Black "Sedlacek, Jan"]
[Result "1/2-1/2"]
[WhiteElo "1941"]
[BlackElo "1827"]
[EventDate "2019.08.10"]
[PlyCount "80"]

1. d4 Nf6 2. c4 e6 3. Nf3 b6 4. a3 Bb7 5. e3 Be7 6. Be2 O-O 7. O-O c5 8. Nc3
Ne4 9. Qc2 Nxc3 10. Qxc3 d6 11. Rd1 Qc7 12. b3 Nd7 13. Bb2 Bf6 14. Qc2 Rad8 15.
Nd2 d5 16. Rac1 cxd4 17. exd4 e5 18. dxe5 Bxe5 19. g3 Bxb2 20. Qxb2 Qe5 21.
Qxe5 Nxe5 22. f4 Nc6 23. cxd5 Rxd5 24. Bf3 Rd6 25. Nc4 Rxd1+ 26. Rxd1 Rd8 27.
Nd6 Na5 28. Nxb7 Rxd1+ 29. Bxd1 Nxb7 30. Kf2 Kf8 31. Ke3 Ke7 32. Kd4 Kd6 33. b4
Nd8 34. Bb3 Nc6+ 35. Ke4 f6 36. Ba4 Ne7 37. Bb3 Nc6 38. Bg8 h6 39. Bc4 Ne7 40.
Bb3 Nc6 1/2-1/2

[Event "MCR senioru 2019 nad 70 a 80 let"]
[Site "Pelclovo divadlo, Rychnov n. K"]
[Date "2019.08.11"]
[Round "2"]
[White "Kuril, Rudolf"]
[Black "Slizek, Josef"]
[Result "0-1"]
[WhiteElo "1566"]
[BlackElo "1935"]
[PlyCount "66"]
[EventDate "2019.08.10"]

1. d4 Nf6 2. c4 g6 3. Nc3 Bg7 4. Nf3 d6 5. e4 Nbd7 6. e5 dxe5 7. dxe5 Ng4 8.
Bf4 Ngxe5 9. Bxe5 Nxe5 10. Qxd8+ Kxd8 11. Nxe5 Bxe5 12. Rd1+ Ke8 13. Be2 c6 14.
O-O Be6 15. Ne4 Rd8 16. b3 h6 17. Bf3 f6 18. Rxd8+ Kxd8 19. Rd1+ Kc7 20. Nc5
Bc8 21. h3 h5 22. Kf1 g5 23. g4 hxg4 24. hxg4 Rh4 25. Ke2 Bd6 26. Ne4 Bxg4 27.
Nxd6 Bxf3+ 28. Kxf3 exd6 29. Kg3 Kd7 30. Re1 a6 31. Re3 b5 32. cxb5 axb5 33. f4
gxf4+ 0-1

[Event "MCR senioru 2019 nad 50 let"]
[Site "Pelclovo divadlo, Rychnov n. K"]
[Date "2019.08.12"]
[Round "3"]
[White "Pribyl, Rene"]
[Black "Pelikan, Jaromir"]
[Result "0-1"]
[WhiteElo "1991"]
[BlackElo "1760"]
[PlyCount "62"]
[EventDate "2019.08.10"]

1. d4 Nf6 2. c4 g6 3. Nc3 d5 4. cxd5 Nxd5 5. e4 Nxc3 6. bxc3 Bg7 7. Bc4 O-O 8.
Ne2 c5 9. O-O Nc6 10. Be3 Na5 11. Bd3 b6 12. dxc5 bxc5 13. Bxc5 Qc7 14. Bd4 e5
15. Be3 Be6 16. Qc2 Nc4 17. Bxc4 Bxc4 18. Rfe1 Rfd8 19. Nc1 Qa5 20. f3 Rab8 21.
Nb3 Qa4 22. Red1 Bf8 23. Rxd8 Rxd8 24. Rc1 Rd3 25. Bf2 Bh6 26. Ra1 Rd2 27. Qb1
Bd3 28. Nc5 Bxb1 29. Nxa4 Rd1+ 30. Be1 Be3+ 31. Kf1 Bd3# 0-1

[Event "MCR senioru 2019 nad 50 let"]
[Site "Pelclovo divadlo, Rychnov n. K"]
[Date "2019.08.12"]
[Round "3"]
[White "Blazek, Tomas"]
[Black "Kalousek, Vladimir"]
[Result "0-1"]
[WhiteElo "1910"]
[BlackElo "1979"]
[PlyCount "96"]
[EventDate "2019.08.10"]

1. d4 d5 2. Bf4 Nf6 3. e3 g6 4. Nf3 Bg7 5. h3 Nbd7 6. Nbd2 O-O 7. Be2 c5 8. c3
b6 9. O-O Bb7 10. Qc2 Ne4 11. Bd3 Nxd2 12. Qxd2 Nf6 13. Ne5 Nd7 14. Nf3 Nf6 15.
Ne5 Nd7 16. Nf3 Rc8 17. Rfe1 Re8 18. e4 dxe4 19. Bxe4 Bxe4 20. Rxe4 Nf6 21. Re2
cxd4 22. Qxd4 Qxd4 23. Nxd4 Nd5 24. Be5 Bxe5 25. Rxe5 Red8 26. Rd1 e6 27. Ne2
Nf6 28. Rxd8+ Rxd8 29. Nd4 Kf8 30. Kf1 Rc8 31. Re1 Ke7 32. Rc1 Ne4 33. Ke1 Nd6
34. a4 Nf5 35. Ne2 e5 36. c4 Nd6 37. b3 Ne4 38. b4 Nd6 39. c5 bxc5 40. bxc5 Ne4
41. c6 Kd6 42. f3 Nc5 43. Rd1+ Kxc6 44. Nc3 a6 45. Nd5 Re8 46. Nc3 e4 47. Ke2
f5 48. fxe4 Nxe4 0-1

[Event "MCR senioru 2019 nad 50 let"]
[Site "Pelclovo divadlo, Rychnov n. K"]
[Date "2019.08.12"]
[Round "3"]
[White "Vorackova, Jarmila"]
[Black "Gabriel, Jan"]
[Result "1-0"]
[WhiteElo "1832"]
[BlackElo "1910"]
[PlyCount "81"]
[EventDate "2019.08.10"]

1. d4 Nf6 2. c4 e6 3. Nc3 Bb4 4. Qc2 b6 5. Bg5 Bb7 6. a3 Bxc3+ 7. Qxc3 h6 8.
Bh4 d6 9. Nf3 Nbd7 10. e3 g5 11. Bg3 Ne4 12. Qc2 h5 13. Bd3 f5 14. h4 g4 15.
Ng1 Nxg3 16. fxg3 Qf6 17. O-O-O O-O-O 18. Kb1 Qh6 19. Qf2 Rhf8 20. Ne2 e5 21.
d5 e4 22. Bc2 Ba6 23. Nd4 Rde8 24. Ne6 Rf6 25. Ba4 Qh7 26. Qc2 Rh8 27. Bc6 Kb8
28. Qa4 Bc8 29. Nd4 Nc5 30. Qb4 Bb7 31. Qc3 Rff8 32. Rhf1 Bxc6 33. dxc6 Kc8 34.
b4 Nd3 35. a4 Rf6 36. Nb5 Rhf8 37. Nxa7+ Kb8 38. Nb5 Qe7 39. a5 bxa5 40. bxa5
Ka8 41. Rxd3 1-0